[Event "Banska Stiavnica V4 op"]
[Site "Banska Stiavnica"]
[Date "2018.07.10"]
[Round "4"]
[White "Chrenko, Kristian"]
[Black "Juhaniak, Lubomir"]
[Result "1-0"]
[WhiteElo "1992"]
[BlackElo "1732"]
[PlyCount "99"]
[EventDate "2018.07.07"]
[EventType "swiss"]
[EventRounds "9"]
[EventCountry "SVK"]
[SourceTitle "CBM 185 Extra"]
[Source "ChessBase"]
[SourceDate "2018.07.29"]
[SourceVersion "1"]
[SourceVersionDate "2018.07.29"]
[SourceQuality "1"]

1. e4 e6 2. d4 d5 3. Nd2 dxe4 4. Nxe4 Nd7 5. Nf3 Ngf6 6. Nxf6+ Nxf6 7. Bd3 c5 8. dxc5 Bxc5 9. 0-0 h6 10. Qe2 a6 11. c4 0-0 12. Bd2 Qb6 13. b4 Be7 14. c5 Qc7 15. Bc3 Nd5 16. Be5 Qd8 17. Rad1 Bd7 18. Qe4 f5 19. Qd4 Bf6 20. Rfe1 Re8 21. Bxf5 exf5 22. Qxd5+ Be6 23. Qxd8 Raxd8 24. Bxf6 Rxd1 25. Rxd1 gxf6 26. Re1 Kf7 27. Nd4 Bxa2 28. Rxe8 Kxe8 29. Nxf5 Kd7 30. Nd4 Bc4 31. f4 Kc7 32. Kf2 b6 33. cxb6+ Kxb6 34. Ke3 Bf1 35. g4 Bh3 36. Kf3 Bf1 37. Ke4 Bb5 38. Kf5 Bd7+ 39. Kxf6 Bxg4 40. Ke5 Kc7 41. f5 Kd7 42. f6 Bh5 43. Nf5 Kc6 44. Kd4 Kd7 45. Nxh6 Ke6 46. f7 Ke7 47. Kc5 Be2 48. Kb6 Bd3 49. Ng4 Be2 50. Ne5 1-0

[Event "Bratislava Slovan op"]
[Site "Bratislava"]
[Date "2016.04.30"]
[Round "1"]
[White "Oprea, Erik"]
[Black "Juhaniak, Lubomir"]
[Result "1/2-1/2"]
[WhiteElo "2143"]
[BlackElo "1749"]
[PlyCount "132"]
[EventDate "2016.04.30"]
[EventType "swiss"]
[EventRounds "9"]
[EventCountry "SVK"]
[SourceTitle "EXT 2017"]
[Source "ChessBase"]
[SourceDate "2016.10.25"]
[SourceVersion "1"]
[SourceVersionDate "2016.10.25"]
[SourceQuality "1"]

1. c4 Nf6 2. Nc3 c5 3. g3 g6 4. Bg2 Bg7 5. e3 0-0 6. d4 d6 7. Nge2 a6 8. b3 Qc7 9. Bb2 Nbd7 10. Qd2 Rb8 11. 0-0 b5 12. cxb5 axb5 13. Rac1 Qa5 14. Rc2 Qb6 15. Rfc1 Bb7 16. Bxb7 Qxb7 17. Qd1 Bh6 18. Qf1 Rfc8 19. Qh3 Bg7 20. Nb1 Ra8 21. a3 Ne4 22. Qg2 d5 23. f3 Ng5 24. Nd2 f5 25. h4 Nf7 26. h5 c4 27. hxg6 hxg6 28. Nf4 Nf8 29. g4 Qd7 30. gxf5 Qxf5 31. b4 Bh6 32. Re1 Qxc2 33. Nxd5 Ra7 34. Bc3 Qf5 35. f4 Nh7 36. e4 Qh5 37. Nf3 Kf8 38. Rf1 e6 39. Kf2 g5 40. fxg5 Bxg5 41. Nf4 Qh6 42. Rh1 Qf6 43. Rxh7 Qxf4 44. Bd2 Qxe4 45. Nxg5 Qxg2+ 46. Kxg2 c3 47. Bc1 Kg8 48. Rh5 Nxg5 49. Rxg5+ Rg7 50. Rxg7+ Kxg7 51. Kf3 Kf6 52. Ke4 Rc4 53. Kd3 Rc7 54. Kc2 Ke7 55. Bg5+ Kd7 56. Bh4 Rc4 57. Be1 Rxd4 58. Kxc3 Rc4+ 59. Kb3 Rc8 60. a4 bxa4+ 61. Kxa4 Kc6 62. b5+ Kb7 63. Kb4 e5 64. Bf2 e4 65. Be3 Rc2 66. Kb3 Rc8 1/2-1/2